Sťahovacia sága
Príbeh rodinnej sťahovacej firmy U-Haul. Firma, ktorá poskytuje zákazníkom prívesy a dodávky na sťahovanie. Pôsobenie firmy od r. 1945 až po súčasnosť. Škody spôsobené haváriami. Akvizícia firmy Collegeboxes - sťahovacie služby pre študentov.
Saved in:
| Main Author: | |
|---|---|
| Other Authors: | |
| Format: | Book Chapter |
| Language: | Slovak |
| Subjects: | |
| Tags: |
No Tags, Be the first to tag this record!
|
MARC
| LEADER | 00000naa a2200000 4500 | ||
|---|---|---|---|
| 001 | 0215871 | ||
| 005 | 20231013091840.1 | ||
| 041 | 0 | |a slo | |
| 044 | |a SK | ||
| 245 | 1 | 0 | |a Sťahovacia sága |c Luisa Kroll, Alex Morrell |
| 520 | |a Príbeh rodinnej sťahovacej firmy U-Haul. Firma, ktorá poskytuje zákazníkom prívesy a dodávky na sťahovanie. Pôsobenie firmy od r. 1945 až po súčasnosť. Škody spôsobené haváriami. Akvizícia firmy Collegeboxes - sťahovacie služby pre študentov. | ||
| 610 | 2 | 0 | |a podnikanie |
| 610 | 2 | 0 | |a podnikatelia |
| 610 | 2 | 0 | |a podnik rodinný |
| 610 | 2 | 0 | |a preprava |
| 610 | 2 | 0 | |a doprava |
| 610 | 2 | 0 | |a automobily nákladné |
| 610 | 2 | 0 | |a sklady |
| 610 | 2 | 0 | |a USA |
| 100 | 1 | |a Kroll, Luisa | |
| 700 | 1 | |a Morrell, Alex | |